00000000nam 2200000za 4500
0019.832259
003CaOODSP
00520221107145935
007cr |||||||||||
008170213t20172016oncd   #o    f000 0 eng d
020 |a978-0-660-07630-0
040 |aCaOODSP|beng
043 |an-cn---
0861 |aA29-1/13-2017E-PDF
24500|aAudit of the AgriMarketing Program - Assurance Systems Stream |h[electronic resource].
260 |a[Ottawa] : |bAgriculture and Agri-Food Canada, |cc2016, 2017.
300 |a17 p. : |bgraphs
500 |a"October 18, 2017."
500 |aTitle from cover.
500 |aIssued also in French under title: Audit du volet Systèmes d'assurance du programme Agri-marketing : rapport final.
520 |a"The AgriMarketing Program is a five-year, $341 million program comprised of a combination of government initiatives and contribution funding for industry-led projects. The AgriMarketing Program supports the agricultural sector by creating and maintaining access to markets and taking advantage of market opportunities."--Executive Summary, p. 1.
69207|2gccst|aAgricultural assistance
69207|2gccst|aMarket development
69207|2gccst|aInternal audits
7101 |aCanada. |bAgriculture and Agri-Food Canada.
77508|tAudit du volet Systèmes d'assurance du programme Agri-marketing |w(CaOODSP)9.832261
85640|qPDF|s241 KB|uhttps://publications.gc.ca/collections/collection_2017/aac-aafc/A29-1-13-2017-eng.pdf
986 |aAAFC No. 12604E